Heybeliada ruhban okulu'nun geleceği üzerine tartışmalar ve öneriler (Record no. 3216)

MARC details
000 -BAŞLIK
Sabit Uzunlukta Kontrol Alanı 00904na a2200289 4500
001 - KONTROL NUMARASI
Denetim Alanı 22298
003 - KONTROL NUMARASI IDENTIFIER
Denetim Alanı MIRAKIL
005 - SON İŞLEM TARİHİ VE ZAMANI
Denetim Alanı 20181213154924.0
008 - SABİT-BOY VERİ ELEMANLARI - GENEL BİLGİLER
Sabit Uzunlukta Kontrol Alanı 170213b tu 000 0
020 ## - ULUSLARARASI STANDART KİTAP NUMARASI
Uluslararası Standart Kitap Numarası 9786055832148
040 ## - KATALOGLAMA KAYNAK
Orijinal Kataloglama Ajansı Milas
Kataloglama Dili tur
Metne Dönüştürmek Ajansı TR-AnCHP
041 ## - DİL KODU
Metin / Ses Parça Veya Ayrı Başlığın Dil Kodu tur
082 ## - DEWEY ONLU SINIFLANDIRMA NUMARASI
Sınıflandırma Numarası 268.0956226
Ürün Numarası M21h 2009
090 ## - SINIFLAMA NUMARASI
Sınıflama Numarası 268.0956226 M21h 2009
100 ## - ANA GİRİŞ - KİŞİSEL İSİM
Kişisel Ad Macar, Elçin
245 ## - BAŞLIK TABLOSU
Başlık Heybeliada ruhban okulu'nun geleceği üzerine tartışmalar ve öneriler
Sorumluluk Tablosu, Vb Elçin Macar, Mehmet Ali Gökaçtı
260 ## - YAYIN, DAĞITIM, VB
Yayın, Dağıtım, Vb Yeri İstanbul
Yayıncı, Dağıtıcı, Vs Adı TESEV Yayınları
Yayın, Dağıtım, Vb Tarihi 2009
300 ## - FİZİKSEL TANIM
Kapsam 36 s.
Boyutlar 22 sm.
440 ## - SERİSİ TABLOSU / KATMA GİRİŞİ - BAŞLIK
Başlık Tesev Yayınları
490 ## - SERİSİ TABLOSU
Seri Beyanı Dış Politika Analiz Serisi
Hacim / Ardışık Tanımı 3
504 ## - KAYNAKÇA VB NOT
Kaynakça Vb Notu Kaynakça var.
610 ## - KONU KATMA GİRİŞ - TOPLANTI ADI
Giriş Elemanı Olarak Kurumsal Ad Veya Yargı Alanı Adı Heybeliada Ruhban Okulu
Genel Alt Bölüm Tartışmalar
650 ## - KONU KATMA GİRİŞ - TOPİKAL DÖNEM
Topikal Süreli Veya Coğrafi Ad Giriş Elemanı Ruhban okulları
Genel Alt Bölümü Öneriler
650 ## - KONU KATMA GİRİŞ - TOPİKAL DÖNEM
Topikal Süreli Veya Coğrafi Ad Giriş Elemanı Ruhban okulları
Genel Alt Bölümü Sorunlar
Coğrafi Alt Bölümü Türkiye
700 ## - KATMA GİRİŞ - KİŞİSEL İSİM
Kişisel Ad Gökaçtı, Mehmet Ali
942 ## - EKLENDİ GİRİŞ ELEMANLARI (KOHA)
Sınıflandırma Veya Raf Düzeni Kaynak
Koha Öğesi Türü Books
999 ## - SİSTEM KONTROL NUMARALARI (KOHA)
Koha Biblionumber 3216
Koha Biblioitemnumber 3216
Holdings
Kalıcı Konum Mevcut Konum Edinme Tarihi Edinim Kaynak Toplam Check-Out'Lar Tam Çağrı Numarası Barkod Tarih Son Görülme İtibaren Geçerli Fiyatlar Koha Öğesi Türü
CHP Kütüphanesi CHP Kütüphanesi 02/13/2017 Bağış   268.0956226 M21h 2009 012999 02/13/2017 02/13/2017 Books